000 00927nam a2200289 i 4500
001 192677
003 SpMaBN
005 20240528062746.0
008 230516s2008 sp | |||| 000 p spa
017 _aM 22394-2008
_bOficina Depósito Legal Madrid
020 _a9788496464933
035 _a(OCoLC)268784712
040 _aSpMaBN
_bspa
_cES-MaACL
_erda
080 _a821.134.2-14"19"
100 1 _aZamora Loboch, Francisco,
_d1948-
_9176546
_eaut
245 1 0 _aDesde el Viyil y otras crónicas /
_cFrancisco Zamora Loboch
260 _aMadrid :
_bSIAL,
_c[2008]
300 _a68 páginas ;
_c21 cm
490 1 _aCasa de África ;
_v31
500 _aÍndice
655 7 _aPoesías
_2tgfbne
_9176539
830 0 _aCasa de África ;
_9176545
_v31
852 _aES-MaACL
_bR.153226
_cDEPOJ
_hDonación: Editorial
_jN-8314
_9199973
942 _n0
_cMONOGRAFIA
999 _c192677
_d192677